| 000 | 005390000a22001210004500 | ||
|---|---|---|---|
| 100 | 1 | _aNicholson, Vanessa. | |
| 245 | 1 | 0 | _aNo turning back. |
| 300 | _a(sum., 2009), p.18-19 | ||
| 520 | _aEn Cambodia es un insulto si una mujer le da la espalda a su esposo incluso si duerme en la cama. Pero los miembros de la iglesia de Tearfund se niegan a dar la espalda a la desigualdad entre hombres y mujeres, asi un grupo de mujeres cristianas influyentes del Reino Unido lo descubrió. | ||
| 650 | 1 | 4 | _aIGUALDAD |
| 773 | 0 | _tTeartimes | |
| 942 | _cANA | ||
| 999 |
_c63105 _d63105 |
||